Responses for Show #6084 - Thursday, February 10, 2011

IBM Challenge mini-documentary: "Meet the Contestants"

Contestants

[<< previous game]

Milind Kulkarni, an assistant professor from West Lafayette, Indiana

Betsy Stephenson, a retired employment program specialist from Charleston, West Virginia

Paul Wampler, a web programmer from Knoxville, Tennessee (whose 3-day cash winnings total $50,401)

[next game >>]

Jeopardy! Round responses

AFRICAN AMERICANS
POETIC SETTINGS
EMOTICONS
THE STATE OF MY BIRTH
THERE'S A DRAFT IN THE ROOM
"BR-R"
(Alex: Each correct response will begin with a "B-R", and there will be an additional "R" in the word later on.)
    $200 13
Queen Latifah

Paul
    $200 24
the Nile

Paul
    $200 18
laughing (or rolling on the floor)

Paul
    $200 11
Georgia

Paul
    $200 1
Philadelphia

Milind
    $200 6
brochure

Paul
    $400 17
Coretta Scott King

Paul
    $400 27
"Broadway"

Milind
    $400 19
a timeout

Betsy
    $400 12
Indiana

Betsy
    $400 2
Radio City Music Hall

Milind
    $400 7
the brownshirts

Paul
    $600 20
George Foreman

Paul
    $600 28
London

Triple Stumper
    $600 21
call me

Betsy
    $600 14
Kentucky

Milind
    $600 3
Wide World of Sports

Paul
    $600 8
a brandy snifter

Paul
    $800 22
Thurgood Marshall

Betsy
    $800 29
(Betsy: Who is Notre Dame?)

(Notre Dame de) Chartres

Betsy
Triple Stumper
    $800 25
a straight face

Triple Stumper
    $1,000 15
Arizona

Milind
    $800 4
Madison Square Garden

Milind
    $800 9
Brigadier General

Paul
    $1000 23
(Betsy: Who is Shirley Chisholm?)

Barbara Jordan

Betsy
Triple Stumper
    $1000 30
Evangeline

Betsy
    $1000 26
hypnotized

Paul
    $1000 16
(Paul: What is Tennessee?)
(Milind: What is Georgia?)

Mississippi

PaulBetsyMilind
    $1000 5
Montreal

Paul
    $1000 10
[Applause for Paul's run of the category]

the brook trout

Paul

Scores at the first commercial break (after clue 15):

Paul Betsy Milind
$5,000 $400 $3,000

Scores at the end of the Jeopardy! Round:

Paul Betsy Milind
$6,400 $2,400 $2,400

Double Jeopardy! Round responses

THE COUNTRY THAT BORDERS...
WHAT THE TV TITLE MEANS
INCA HOOTS?
NAUTICAL TERMS
PEEVED VEEPS
ENDS IN "X"
    $400 4
Russia

Milind
    $400 1
The Big C

Betsy
    $400 24
the Andes

Milind
    $400 19
the crow's nest

Betsy
    $400 11
(Dick) Cheney

Milind
    $400 7
affix

Paul
    $800 5
Austria

Triple Stumper
    $800 2
30 Rock

Milind
    $800 25
(Milind: What is Machu Picchu?)

Cuzco

Milind
Triple Stumper
    $800 20
the stern

Milind
    $800 12
(Aaron) Burr

Milind
    $800 8
crux

Betsy
    $1200 6
Nicaragua

Triple Stumper
    $1200 3
Wipeout

Milind
    $1200 26
the screech-owl

Triple Stumper
    $1200 21
rigging

Milind
    $1200 13
Teddy Roosevelt

Milind
    $1200 16
faux

Paul
    $1,200 29
Pakistan

Paul
    $1600 9
Hell's Kitchen

Paul
    $1600 27
rust

Betsy
    $1600 22
bulkheads

Triple Stumper
    $1600 14
Spiro Agnew

Betsy
    $1600 17
(Paul: What's an ibix? ... [*]?)

ibex

Paul
    $2000 30
Bulgaria

Triple Stumper
    $2000 10
Warehouse 13

Betsy
    $2000 28
foreign (or strange)

Paul
    $2000 23
fluke

Triple Stumper
    $1,200 15
(Betsy: Who is John Adams?)

Thomas Jefferson

Betsy
    $2000 18
googolplex

Milind

Scores at the end of the Double Jeopardy! Round:

Paul Betsy Milind
$14,400 $8,000 $10,800

[wagering suggestions for these scores]

Final Jeopardy! Round responses

THE LAW
BetsyWhat was you have the right to remain silent?
$4,000
MilindWhat is "you have the right to remain silent"
$5,201
PaulWhat is "You have the right to remain silent?"
$7,201
You have the right to remain silent

Final scores:

Paul Betsy Milind
$21,601 $12,000 $16,001
4-day champion: $72,002 3rd place: $1,000 2nd place: $2,000

Game dynamics:

Coryat scores:

Paul Betsy Milind
$14,800 $9,200 $10,600
20 R
(including 1 DD),
1 W
12 R,
3 W
(including 1 DD)
16 R
(including 1 DD),
2 W

Combined Coryat: $34,600

[game clues] [game scores] [suggest correction]

Game tape date: 2010-10-27
The J! Archive is created by fans, for fans. Scraping, republication, monetization, and malicious use prohibited; this site may use cookies and collect identifying information. See terms. The Jeopardy! game show and all elements thereof, including but not limited to copyright and trademark thereto, are the property of Jeopardy Productions, Inc. and are protected under law. This website is not affiliated with, sponsored by, or operated by Jeopardy Productions, Inc. Join the discussion at JBoard.tv.